000 00708nam a22002057a 4500
008 160820b xxu||||| |||| 00| 0 eng d
020 _a981-265-219-1
082 _22005
_aDC 372.6
_bL96t
100 _913287
_aLuckmann, Joan.
245 _aTranscultural communication in health care /
_cJoan Luckmann ; contributing author, Sylvia Tindell Nobles.
260 _aAfrica:
_bDelmar Thompson Learning,
_cc2005.
300 _axvi, 320 pages;
_c23 cm.
500 _aIncludes appendix and index.
650 0 _913288
_aTranscultural medical care.
650 0 _913289
_aHealth Personnel.
650 0 _913290
_aCommunication.
700 _913291
_aNobles, Sylvia Tindell.
365 _b365.00
_cPhp
942 _2ddc
_cDC
999 _c3971
_d3971